[Event "XXV Festival Conca della Presolana A"]
[Site "Bratto - Castione della Presolana ITA"]
[Date "2005.08.21"]
[Round "2"]
[White "Qendro, Llambi"]
[Black "Zoldan, Matteo"]
[Result "1-0"]
[WhiteElo "2357"]
[BlackElo "2114"]
[PlyCount "43"]
[EventDate "2005.08.20"]

1. d4 Nf6 2. c4 g6 3. Nc3 Bg7 4. e4 d6 5. f3 O-O 6. Bg5 h6 7. Be3 e5 8. Nge2 c6
9. Qd2 exd4 10. Nxd4 Re8 11. O-O-O Kh7 12. g4 d5 13. cxd5 cxd5 14. Bb5 Bd7 15.
g5 hxg5 16. Bxg5 dxe4 17. fxe4 Bxb5 18. Ndxb5 Nc6 19. Qf2 Qb6 20. Qxb6 axb6 21.
Nc7 Ra5 22. Bxf6 1-0

[Event "XXV Festival Conca della Presolana A"]
[Site "Bratto - Castione della Presolana ITA"]
[Date "2005.08.21"]
[Round "2"]
[White "Radice, Luca"]
[Black "Di Donato, Giovanni"]
[Result "1/2-1/2"]
[WhiteElo "2100"]
[BlackElo "1999"]
[PlyCount "67"]
[EventDate "2005.08.20"]

1. d4 d5 2. Nf3 Nf6 3. c4 c6 4. Nbd2 a6 5. e3 Bf5 6. g3 e6 7. Bg2 b5 8. b3 Nbd7
9. O-O Bb4 10. Bb2 Bd3 11. Re1 Ne4 12. cxd5 cxd5 13. Rc1 Qa5 14. Nxe4 dxe4 15.
Ng5 Nf6 16. d5 Bxe1 17. Bxf6 Bxf2+ 18. Kxf2 gxf6 19. Nxe6 Qxa2+ 20. Kg1 fxe6
21. Qg4 f5 22. Qg7 Qd2 23. Qxh8+ Ke7 24. Qg7+ Ke8 25. Ra1 Qxe3+ 26. Kh1 Qa7 27.
Qg8+ Ke7 28. Qxe6+ Kf8 29. Qxf5+ Qf7 30. Qe5 Rd8 31. Bxe4 Bxe4+ 32. Qxe4 Rxd5
33. Kg1 Qa7+ 34. Kh1 1/2-1/2

[Event "XXV Festival Conca della Presolana A"]
[Site "Bratto - Castione della Presolana ITA"]
[Date "2005.08.21"]
[Round "2"]
[White "Ranieri, Fabrizio"]
[Black "Sedina, Elena"]
[Result "1/2-1/2"]
[WhiteElo "2204"]
[BlackElo "2402"]
[PlyCount "43"]
[EventDate "2005.08.20"]

1. e4 e6 2. d4 d5 3. Nc3 Nf6 4. Bg5 h6 5. Bxf6 Qxf6 6. exd5 Bb4 7. Bb5+ c6 8.
dxc6 bxc6 9. Be2 O-O 10. a3 Bxc3+ 11. bxc3 e5 12. Nf3 exd4 13. cxd4 c5 14. O-O
Rd8 15. c3 Nc6 16. Qa4 cxd4 17. Rad1 Bb7 18. cxd4 Ne7 19. Ne5 Ng6 20. Bc4 Nxe5
21. dxe5 Qg5 22. Bxf7+ 1/2-1/2

[Event "XXV Festival Conca della Presolana A"]
[Site "Bratto - Castione della Presolana ITA"]
[Date "2005.08.21"]
[Round "2"]
[White "Ranola, Yves"]
[Black "Caruso, Augusto"]
[Result "1-0"]
[WhiteElo "2466"]
[BlackElo "2259"]
[PlyCount "137"]
[EventDate "2005.08.20"]

1. c4 c6 2. g3 d5 3. Bg2 Nf6 4. Nf3 g6 5. b3 Bg7 6. Bb2 O-O 7. O-O Bg4 8. d3
Bxf3 9. exf3 Nbd7 10. f4 Qb6 11. Qc2 Rfe8 12. Nc3 dxc4 13. bxc4 e5 14. Na4 Qa5
15. fxe5 Nxe5 16. Bc3 Qc7 17. Rab1 Rad8 18. Nc5 b6 19. Na6 Qd6 20. Bxe5 Rxe5
21. Nb4 Rc8 22. d4 Ree8 23. c5 Qxd4 24. cxb6 Qxb6 25. Nxc6 Qa6 26. Rfc1 Rc7 27.
a4 Kh8 28. Qc5 h5 29. Qb5 Qc8 30. Re1 Kh7 31. Rxe8 Qxe8 32. h3 Qd7 33. Ne5 Qe7
34. Nf3 Bh6 35. Qb2 Rc5 36. Re1 Qd8 37. Ne5 Qa5 38. Nd3 Rf5 39. Re7 Nd5 40. Re5
Bg7 41. Rxf5 Bxb2 42. Rxd5 Qc3 43. Rd7 Kg7 44. Nxb2 Qxb2 45. Rxa7 h4 46. g4 Qd4
47. Ra8 Qd1+ 48. Bf1 Qd5 49. Ra6 Qc5 50. a5 Qc3 51. Ra8 Qc6 52. Rb8 Qc7 53. Rb5
Qc6 54. Rb1 Qe4 55. Rc1 Qf4 56. Rc8 f5 57. a6 fxg4 58. Rc4 Qb8 59. Rxg4 Kf6 60.
Rxh4 Qb6 61. Ra4 Qc6 62. Rf4+ Ke5 63. Rb4 Qc7 64. Rb7 Qd8 65. a7 Qg5+ 66. Kh1
Qc1 67. Rb5+ Kd6 68. Kg1 Qa3 69. Rb6+ 1-0

[Event "XXV Festival Conca della Presolana A"]
[Site "Bratto - Castione della Presolana ITA"]
[Date "2005.08.21"]
[Round "2"]
[White "Raselli, Claudio"]
[Black "Sautto, Daniele"]
[Result "0-1"]
[WhiteElo "2063"]
[BlackElo "2136"]
[PlyCount "112"]
[EventDate "2005.08.20"]

1. e4 d5 2. exd5 Qxd5 3. Nc3 Qe5+ 4. Be2 c6 5. Nf3 Qc7 6. d4 Bf5 7. Be3 e6 8.
O-O Bd6 9. Qd2 Nf6 10. h3 Nbd7 11. Nh4 Bg6 12. f4 O-O-O 13. f5 exf5 14. Nxf5
Bh2+ 15. Kh1 Nc5 16. Qe1 Nce4 17. Nxe4 Nxe4 18. Ne7+ Kb8 19. Rf3 Bg3 20. Nxg6
hxg6 21. Qb4 g5 22. Bd3 g4 23. Bxe4 gxf3 24. Bxf3 Rde8 25. Qd2 f5 26. c4 f4 27.
Bg1 Qd7 28. d5 Rxh3+ 29. gxh3 Qxh3+ 30. Bh2 Rh8 31. dxc6 Qe6 32. cxb7 Rxh2+ 33.
Qxh2 Bxh2 34. Kxh2 Qh6+ 35. Kg2 Qg6+ 36. Kf1 Qd3+ 37. Kg2 Qc2+ 38. Kf1 Qxc4+
39. Kg2 Qc2+ 40. Kf1 Qd3+ 41. Kg2 Qg6+ 42. Kf1 Qg3 43. Ke2 Qh2+ 44. Kf1 Qh3+
45. Ke2 Qe6+ 46. Kf1 Qa6+ 47. Kg2 Qg6+ 48. Kf1 Qd3+ 49. Kg2 Qc2+ 50. Kf1 g5 51.
Re1 Qd3+ 52. Kg2 Qd8 53. Rd1 Qh8 54. Rd2 g4 55. Bxg4 Qh4 56. Kf3 Qg3+ 0-1

[Event "XXV Festival Conca della Presolana A"]
[Site "Bratto - Castione della Presolana ITA"]
[Date "2005.08.21"]
[Round "2"]
[White "Ricci, Alfredo"]
[Black "Nardelli, Marco"]
[Result "1-0"]
[WhiteElo "2015"]
[BlackElo "2108"]
[PlyCount "61"]
[EventDate "2005.08.20"]

1. e4 c5 2. Nf3 Nc6 3. d4 cxd4 4. Nxd4 Nf6 5. Nxc6 bxc6 6. Bd3 e5 7. O-O Bc5 8.
Kh1 d6 9. Qe1 Rb8 10. Nc3 a5 11. f4 Ng4 12. Qg3 h5 13. f5 Bd4 14. Be2 Qe7 15.
Rb1 Qa7 16. Bxg4 hxg4 17. Qxg4 f6 18. Bd2 Ba6 19. Rf3 Kf8 20. b3 Qc5 21. Rg3
Rb7 22. Qd1 Qa7 23. Na4 Bb5 24. c3 Bxa4 25. cxd4 Qxd4 26. Bxa5 Bb5 27. Qc2 Rh4
28. a4 Ba6 29. Qxc6 Rxb3 30. Qa8+ Kf7 31. Rgxb3 1-0

[Event "XXV Festival Conca della Presolana A"]
[Site "Bratto - Castione della Presolana ITA"]
[Date "2005.08.21"]
[Round "2"]
[White "Ricci, Marco"]
[Black "Simonini, Roberto"]
[Result "1/2-1/2"]
[WhiteElo "2147"]
[BlackElo "2065"]
[PlyCount "59"]
[EventDate "2005.08.20"]

1. e4 e5 2. Nf3 Nf6 3. Nxe5 d6 4. Nf3 Nxe4 5. Qe2 Qe7 6. d3 Nf6 7. Bg5 Qxe2+ 8.
Bxe2 Be7 9. Nc3 c6 10. O-O-O Na6 11. Rhe1 Nc7 12. Bf1 Be6 13. Nd4 Kd7 14. f3 h6
15. Nxe6 Nxe6 16. Be3 d5 17. d4 Bd6 18. g3 Rae8 19. Bf2 Re7 20. Bh3 Rhe8 21.
Re2 Kd8 22. Rde1 Ng5 23. Rxe7 Rxe7 24. Rxe7 Kxe7 25. Bg2 Ne6 26. Kd2 Bb4 27. a3
Ba5 28. Kd3 Nh5 29. Be3 f5 30. Ne2 1/2-1/2

[Event "XXV Festival Conca della Presolana A"]
[Site "Bratto - Castione della Presolana ITA"]
[Date "2005.08.21"]
[Round "2"]
[White "Rombaldoni, Denis"]
[Black "Iordachescu, Viorel"]
[Result "0-1"]
[WhiteElo "2327"]
[BlackElo "2606"]
[PlyCount "78"]
[EventDate "2005.08.20"]

1. d4 Nf6 2. c4 e6 3. Nf3 b6 4. g3 Ba6 5. b3 Bb4+ 6. Bd2 Be7 7. Nc3 d5 8. cxd5
exd5 9. Bh3 O-O 10. O-O Re8 11. Re1 Bb7 12. Ne5 c5 13. Be3 Na6 14. Rc1 Bd6 15.
Nd3 Rxe3 16. fxe3 Qe7 17. Qd2 Nc7 18. Rf1 Re8 19. Bg2 Ng4 20. Nd1 h5 21. Nf4 h4
22. Bf3 Qg5 23. Bxg4 Qxg4 24. Nf2 Qg5 25. Kg2 Bc8 26. N2h3 Qe7 27. gxh4 Qxh4
28. Rf3 Bf5 29. Rg3 Ne6 30. Rf1 cxd4 31. exd4 Bxh3+ 32. Nxh3 Bxg3 33. hxg3 Qe4+
34. Kh2 Nxd4 35. Rxf7 Qg4 36. Rf2 Rxe2 37. Qxd4 Qxd4 38. Rxe2 Qd1 39. Nf4 g5
0-1

[Event "XXV Festival Conca della Presolana A"]
[Site "Bratto - Castione della Presolana ITA"]
[Date "2005.08.21"]
[Round "2"]
[White "Rorato, Renzo"]
[Black "Contin, Daniel"]
[Result "0-1"]
[WhiteElo "2120"]
[BlackElo "2393"]
[PlyCount "54"]
[EventDate "2005.08.20"]

1. Nf3 Nf6 2. c4 c5 3. g3 b6 4. Bg2 Bb7 5. Nc3 g6 6. O-O Bg7 7. d4 cxd4 8. Qxd4
d6 9. Bg5 Nbd7 10. Rfd1 Rc8 11. b3 Nc5 12. Rac1 O-O 13. Qh4 Re8 14. Bh3 Rb8 15.
Nd5 Nce4 16. Nxf6+ exf6 17. Be3 Qc7 18. Bg2 g5 19. Qh5 Bc8 20. g4 Qd7 21. h3
Ng3 22. fxg3 Rxe3 23. Nd4 Bb7 24. Bd5 Qe8 25. h4 Bxd5 26. cxd5 Rxg3+ 27. Kh2
Qe3 0-1

[Event "XXV Festival Conca della Presolana A"]
[Site "Bratto - Castione della Presolana ITA"]
[Date "2005.08.21"]
[Round "2"]
[White "Rosin, Federico"]
[Black "Aglietti, Graziano"]
[Result "1/2-1/2"]
[WhiteElo "2127"]
[BlackElo "2048"]
[PlyCount "137"]
[EventDate "2005.08.20"]

1. e4 d5 2. exd5 Qxd5 3. Nf3 Bg4 4. Be2 Nc6 5. O-O O-O-O 6. d3 Nf6 7. Nc3 Qf5
8. Be3 e5 9. Ng5 Bxe2 10. Qxe2 Nd5 11. Nxd5 Rxd5 12. Ne4 Be7 13. f4 exf4 14.
Rxf4 Qe6 15. Re1 f5 16. Nc3 Re5 17. d4 Rxe3 18. Qxe3 Qxe3+ 19. Rxe3 Bg5 20.
Ref3 g6 21. d5 Ne5 22. Rf1 Bxf4 23. Rxf4 Re8 24. h3 a6 25. Kf2 Kd7 26. b3 Kd6
27. Rh4 Re7 28. Rd4 Kc5 29. Rd2 b5 30. Ne2 Rd7 31. Nf4 Kb4 32. Ne2 Kc5 33. Nf4
Kb4 34. Ke1 Nf7 35. Kd1 Nd6 36. Nd3+ Ka3 37. Nc5 Re7 38. Nxa6 Ne4 39. Rd4 Nf2+
40. Kd2 Ne4+ 41. Kc1 Nc3 42. Rd3 Ne2+ 43. Kd1 Nf4 44. Rd2 Kxa2 45. g3 Nxh3 46.
c4+ Kxb3 47. cxb5 Ng5 48. Rc2 Nf3 49. Nc5+ Kb4 50. Na6+ Kb3 51. Nc5+ Kb4 52.
Na6+ Kxb5 53. Nxc7+ Kb6 54. Ne6 Rd7 55. Ke2 Ne5 56. Rb2+ Ka5 57. Rd2 Nc4 58.
Rd4 Nb6 59. d6 Kb5 60. Nf8 Rd8 61. Nxh7 Kc5 62. Rd1 Rxd6 63. Rxd6 Kxd6 64. Kf3
Ke5 65. Ng5 Kf6 66. Nh7+ Kg7 67. Ng5 Kh6 68. Ne6 Nd5 69. g4 1/2-1/2

[Event "XXV Festival Conca della Presolana A"]
[Site "Bratto - Castione della Presolana ITA"]
[Date "2005.08.21"]
[Round "2"]
[White "Salami, Marco"]
[Black "Paolinelli, Giacomo"]
[Result "1-0"]
[WhiteElo "2221"]
[BlackElo "2042"]
[PlyCount "89"]
[EventDate "2005.08.20"]

1. e4 e5 2. f4 Bc5 3. Nf3 d6 4. Nc3 Nf6 5. Bc4 Nc6 6. d3 Bg4 7. Na4 Bb6 8. Nxb6
axb6 9. c3 exf4 10. Bxf4 O-O 11. O-O Na5 12. Bb5 Nc6 13. h3 Bxf3 14. Qxf3 Ne5
15. Bxe5 dxe5 16. Bc4 Qe7 17. Kh1 c6 18. a4 Ne8 19. Qf2 c5 20. Qg3 Nd6 21. Bd5
Ra5 22. b4 Raa8 23. Qe3 Rac8 24. Rf2 Rc7 25. Raf1 Kh8 26. bxc5 bxc5 27. d4 cxd4
28. cxd4 Kg8 29. Qg3 Re8 30. Rxf7 Nxf7 31. Rxf7 Qxf7 32. Bxf7+ Rxf7 33. d5 Rf4
34. Qd3 Rd8 35. Qc4 h6 36. Qc7 Re8 37. d6 Rff8 38. Qxb7 Ra8 39. Qd5+ Kh8 40. a5
Rfe8 41. Qb5 Rab8 42. d7 Red8 43. Qxe5 Kh7 44. Qe7 Ra8 45. e5 1-0

[Event "XXV Festival Conca della Presolana A"]
[Site "Bratto - Castione della Presolana ITA"]
[Date "2005.08.21"]
[Round "2"]
[White "Salvador, Roland"]
[Black "Lovati, Paolo"]
[Result "1-0"]
[WhiteElo "2416"]
[BlackElo "2081"]
[PlyCount "91"]
[EventDate "2005.08.20"]

1. d4 d6 2. Nf3 Bg4 3. e4 e6 4. Nc3 Be7 5. h3 Bh5 6. Be3 Nf6 7. Bd3 d5 8. Qe2
dxe4 9. Nxe4 Nxe4 10. Bxe4 c6 11. O-O-O Qa5 12. Qc4 Bg6 13. Bxg6 hxg6 14. Ne5
Qd5 15. Qa4 b5 16. Qb3 Qxb3 17. cxb3 Nd7 18. Nd3 Bf6 19. Kb1 O-O-O 20. Rc1 Kb7
21. Rc2 Nb8 22. Nc5+ Ka8 23. Rd1 Rh4 24. f4 Rh5 25. b4 Rhd5 26. Nb3 a6 27. Rdc1
R8d6 28. a3 Kb7 29. g4 Bd8 30. Nc5+ Kc8 31. f5 Bb6 32. fxg6 fxg6 33. Bf4 Bxc5
34. dxc5 Rd8 35. Re2 Re8 36. Rce1 e5 37. Rxe5 Rdxe5 38. Rxe5 Rxe5 39. Bxe5 Nd7
40. Bxg7 Kd8 41. h4 Ke8 42. h5 Kf7 43. h6 g5 44. Kc2 Nf6 45. Bxf6 Kxf6 46. Kd3
1-0

[Event "XXV Festival Conca della Presolana A"]
[Site "Bratto - Castione della Presolana ITA"]
[Date "2005.08.21"]
[Round "2"]
[White "Sbarra, Marco"]
[Black "Turci, Alberto"]
[Result "1-0"]
[WhiteElo "2266"]
[BlackElo "2013"]
[PlyCount "43"]
[EventDate "2005.08.20"]

1. e4 Nf6 2. e5 Nd5 3. d4 d6 4. c4 Nb6 5. exd6 cxd6 6. Nc3 g6 7. Be3 Bg7 8. Rc1
Nc6 9. d5 Ne5 10. Be2 O-O 11. b3 e6 12. f4 Ned7 13. dxe6 fxe6 14. Qxd6 e5 15.
Nf3 exf4 16. Bxf4 Qe8 17. g3 Nf6 18. O-O Bf5 19. Rfe1 Rd8 20. Qa3 Qc6 21. Ne5
Qd6 22. c5 1-0

[Event "XXV Festival Conca della Presolana A"]
[Site "Bratto - Castione della Presolana ITA"]
[Date "2005.08.21"]
[Round "2"]
[White "Scotti, Umberto"]
[Black "Tatai, Stefano"]
[Result "1-0"]
[WhiteElo "2158"]
[BlackElo "2370"]
[PlyCount "83"]
[EventDate "2005.08.20"]

1. d4 g6 2. e4 d6 3. Nc3 Bg7 4. Be3 a6 5. Qd2 b5 6. f3 Nd7 7. O-O-O Bb7 8. h4
h5 9. Nh3 e5 10. Ng5 Ngf6 11. d5 Nb6 12. Be2 Bc8 13. Rdf1 O-O 14. g4 Bd7 15.
gxh5 Nxh5 16. Rfg1 Qf6 17. Nh7 Kxh7 18. Bg5 Bh6 19. Bxh6 Rh8 20. Bg5 Qg7 21.
Nd1 Kg8 22. Nf2 f6 23. Be3 Kf7 24. Nh3 Ke7 25. f4 Bxh3 26. Rxh3 exf4 27. Bxf4
Nxf4 28. Qxf4 Qh6 29. Qxh6 Rxh6 30. Rc3 Ra7 31. Rcg3 Kf7 32. Rxg6 Rxg6 33. Bh5
Nc4 34. Bxg6+ Kg7 35. Bf5+ Kh6 36. Rg8 Ne5 37. Rh8+ Kg7 38. Rh7+ Kg8 39. h5 b4
40. Re7 Kf8 41. Rh7 Kg8 42. h6 1-0

[Event "XXV Festival Conca della Presolana A"]
[Site "Bratto - Castione della Presolana ITA"]
[Date "2005.08.21"]
[Round "2"]
[White "Shytaj, Luca"]
[Black "Piantoni, Roberto"]
[Result "1-0"]
[WhiteElo "2395"]
[BlackElo "2186"]
[PlyCount "49"]
[EventDate "2005.08.20"]

1. e4 c6 2. d4 d5 3. exd5 cxd5 4. c4 Nf6 5. Nc3 Nc6 6. Bg5 Qb6 7. cxd5 Nxd5 8.
Nxd5 Qa5+ 9. Nc3 Qxg5 10. Nf3 Qa5 11. d5 Nb8 12. Ne5 Qc7 13. Bb5+ Nd7 14. Qd4
f6 15. Nxd7 Bxd7 16. O-O a6 17. Ba4 Bxa4 18. Qxa4+ Qd7 19. Rac1 Rd8 20. Qb3 g6
21. Rfe1 Bh6 22. Rcd1 Bf4 23. Ne4 Kf7 24. d6+ Kg7 25. Nc5 1-0

[Event "XXV Festival Conca della Presolana A"]
[Site "Bratto - Castione della Presolana ITA"]
[Date "2005.08.21"]
[Round "2"]
[White "Tagliagambe, Stefano"]
[Black "Astengo, Corrado"]
[Result "1/2-1/2"]
[WhiteElo "2055"]
[BlackElo "2129"]
[PlyCount "98"]
[EventDate "2005.08.20"]

1. e4 c5 2. Nf3 e6 3. Nc3 a6 4. d4 cxd4 5. Nxd4 Qc7 6. g3 b5 7. Bg2 Bb7 8. O-O
Nf6 9. Re1 d6 10. a4 b4 11. Na2 Be7 12. c3 bxc3 13. Nxc3 O-O 14. Be3 Nbd7 15.
Rc1 Qb8 16. f4 Rc8 17. Bf2 Bf8 18. a5 Nc5 19. b4 Ncd7 20. h3 d5 21. exd5 Bxb4
22. dxe6 fxe6 23. Qb3 Bxg2 24. Kxg2 Nc5 25. Qc4 Qb7+ 26. Kh2 Kh8 27. Rb1 Rab8
28. Qe2 Qc7 29. Rec1 Qxa5 30. Ra1 Qd8 31. Na2 a5 32. Rd1 Qe7 33. Nf5 Qc7 34.
Nd6 Rf8 35. Nxb4 axb4 36. Rac1 Nfd7 37. Qc4 b3 38. Rb1 Qa5 39. Bxc5 Qxc5 40.
Qxe6 Qf2+ 41. Kh1 Qf3+ 42. Kh2 Qf2+ 43. Kh1 Nc5 44. Nf7+ Rxf7 45. Qxf7 Qf3+ 46.
Kh2 Qf2+ 47. Kh1 Qf3+ 48. Kh2 Qf2+ 49. Kh1 Qf3+ 1/2-1/2

[Event "XXV Festival Conca della Presolana A"]
[Site "Bratto - Castione della Presolana ITA"]
[Date "2005.08.21"]
[Round "2"]
[White "Tencati, Giuseppe"]
[Black "Rendle, Thomas E."]
[Result "0-1"]
[WhiteElo "2109"]
[BlackElo "2358"]
[PlyCount "160"]
[EventDate "2005.08.20"]

1. d4 d5 2. c4 c6 3. Nf3 Nf6 4. Nc3 dxc4 5. a4 Bf5 6. e3 e6 7. Bxc4 Bb4 8. O-O
O-O 9. Qe2 Nbd7 10. Rd1 Bg6 11. Bd3 Qe7 12. Bxg6 hxg6 13. e4 e5 14. Bg5 exd4
15. Rxd4 Bc5 16. Rd2 Rfe8 17. Qc4 Ne5 18. Nxe5 Qxe5 19. Bxf6 gxf6 20. Rad1 a5
21. g3 Re7 22. Rd8+ Rxd8 23. Rxd8+ Kg7 24. Kg2 Bb4 25. f3 Qc7 26. Qd4 Bc5 27.
Qd2 Bb6 28. Rd6 Bc5 29. Rd8 Qe5 30. Qd3 Bb6 31. Rd7 Qc5 32. Rxe7 Qxe7 33. f4
Qb4 34. Qc2 Bd4 35. Nd1 b5 36. b3 bxa4 37. bxa4 c5 38. Kf1 Qb7 39. Ke2 Qa6+ 40.
Qd3 Qc4 41. Kd2 Qa2+ 42. Qc2 Qa3 43. Ke2 Qa1 44. Kd3 Qa3+ 45. Ke2 Bg1 46. Kf1
Be3 47. Ke2 Bd4 48. Kd2 Qf3 49. Qd3 Qh1 50. Qe2 Kg8 51. f5 Kg7 52. Kd3 Qg1 53.
Kc4 Be5 54. Qd2 g5 55. Ne3 Qb1 56. Qc2 Qb4+ 57. Kd3 Qa3+ 58. Ke2 Bd4 59. Nc4
Qb4 60. Kd3 Qe1 61. Qd2 Qf1+ 62. Qe2 Qa1 63. Qc2 Bg1 64. Nb2 Qf1+ 65. Qe2 Qh3
66. Kc4 Bxh2 67. g4 Be5 68. Nd3 Bd4 69. Kb5 Qg3 70. Kc4 Qb8 71. Qc2 Qb7 72. Qe2
Qc6 73. e5 Qxa4+ 74. Kd5 Qd7+ 75. Kc4 Bxe5 76. Nxe5 Qd4+ 77. Kb5 Qb4+ 78. Kc6
a4 79. Qd1 a3 80. Qd7 Qe4+ 0-1

[Event "XXV Festival Conca della Presolana A"]
[Site "Bratto - Castione della Presolana ITA"]
[Date "2005.08.21"]
[Round "2"]
[White "Ticozzi, Stefano"]
[Black "Pieri, Enzo"]
[Result "1-0"]
[WhiteElo "2088"]
[BlackElo "1959"]
[PlyCount "43"]
[EventDate "2005.08.20"]

1. d4 d5 2. Nf3 Nf6 3. Bg5 e6 4. e3 Be7 5. Nbd2 Nbd7 6. Bd3 O-O 7. c3 h6 8. Bh4
c5 9. Ne5 c4 10. Bc2 Nxe5 11. dxe5 Nd7 12. Bxe7 Qxe7 13. f4 f6 14. exf6 Qxf6
15. O-O Nc5 16. Nf3 Bd7 17. Qd4 Qe7 18. Ne5 Rf6 19. Rad1 Ba4 20. Bxa4 Nxa4 21.
b3 cxb3 22. Qxa4 1-0

[Event "XXV Festival Conca della Presolana A"]
[Site "Bratto - Castione della Presolana ITA"]
[Date "2005.08.21"]
[Round "2"]
[White "Vancini, Edoardo"]
[Black "Rigo, Gianfrancesco"]
[Result "1-0"]
[WhiteElo "2282"]
[BlackElo "2031"]
[PlyCount "55"]
[EventDate "2005.08.20"]

1. c4 b6 2. Nc3 Bb7 3. e4 e6 4. Nge2 Ne7 5. d4 d5 6. cxd5 exd5 7. e5 Nf5 8. Ng3
Nh4 9. Be3 Be7 10. Qg4 O-O 11. Nh5 Ng6 12. f4 c5 13. f5 Bc8 14. e6 Nc6 15.
O-O-O cxd4 16. Bxd4 Bg5+ 17. Kb1 Nxd4 18. Qxd4 Bh6 19. exf7+ Rxf7 20. fxg6 hxg6
21. Ng3 Be6 22. Bd3 Qg5 23. Rhe1 Bg4 24. Be2 Bxe2 25. Rxe2 Rd8 26. Re5 Qf6 27.
Nxd5 Qc6 28. Ne7+ 1-0

[Event "XXV Festival Conca della Presolana A"]
[Site "Bratto - Castione della Presolana ITA"]
[Date "2005.08.21"]
[Round "2"]
[White "Vezzosi, Paolo"]
[Black "Baldazzi, Stefano"]
[Result "1/2-1/2"]
[WhiteElo "2380"]
[BlackElo "2165"]
[PlyCount "88"]
[EventDate "2005.08.20"]

1. d4 Nf6 2. Bg5 Ne4 3. Bf4 c5 4. f3 Qa5+ 5. c3 Nf6 6. d5 d6 7. e4 g6 8. Na3
Nbd7 9. Nc4 Qc7 10. a4 Bg7 11. Ne2 O-O 12. Ng3 Nb6 13. Nxb6 Qxb6 14. Qd2 Rd8
15. Bc4 Qc7 16. Bh6 Bh8 17. h4 e6 18. h5 exd5 19. exd5 Re8+ 20. Kf2 Bd7 21. Bg5
Re5 22. Rh4 Bf5 23. Bf4 Rae8 24. Bxe5 Rxe5 25. Re1 Rxe1 26. Qxe1 Bc2 27. b3 g5
28. Rh1 h6 29. Qd2 Bh7 30. Bd3 Bg7 31. Re1 Bf8 32. Bxh7+ Kxh7 33. c4 Qd8 34. a5
Kg8 35. b4 cxb4 36. Qxb4 Qc7 37. a6 bxa6 38. Ra1 Nd7 39. Ne4 f5 40. Nd2 Nc5 41.
Kf1 Qf7 42. Rd1 Qxh5 43. Kg1 Qh4 44. Nf1 Qf4 1/2-1/2

[Event "XXV Festival Conca della Presolana A"]
[Site "Bratto - Castione della Presolana ITA"]
[Date "2005.08.21"]
[Round "2"]
[White "Vinciguerra, Marco"]
[Black "D'Apa, Matteo"]
[Result "1/2-1/2"]
[WhiteElo "2096"]
[BlackElo "1995"]
[PlyCount "103"]
[EventDate "2005.08.20"]

1. Nf3 d5 2. g3 Nf6 3. Bg2 c5 4. O-O Nc6 5. c4 d4 6. e3 d3 7. Nc3 e5 8. Ne1 Be6
9. b3 Qd7 10. Bb2 Bh3 11. Ne4 Nxe4 12. Bxe4 Bxf1 13. Kxf1 f5 14. Bxd3 O-O-O 15.
Bc3 f4 16. Qf3 Bd6 17. g4 Kb8 18. Bf5 Qe7 19. exf4 exf4 20. Nd3 Nd4 21. Bxd4
cxd4 22. b4 h5 23. Re1 hxg4 24. Bxg4 Qf7 25. c5 Bc7 26. h3 Qxa2 27. Qe4 Qd5 28.
Nxf4 Qxe4 29. Rxe4 Bxf4 30. Rxf4 Rhf8 31. Rxf8 Rxf8 32. Ke2 Kc7 33. Bf3 Rf4 34.
Bd5 d3+ 35. Kxd3 Rxb4 36. Kc3 Rf4 37. f3 Rh4 38. Be6 Rf4 39. Bd5 Rf6 40. Be4
Rh6 41. d4 Rxh3 42. d5 Rh5 43. Kc4 Rh4 44. Kd4 a5 45. Kc4 g5 46. Kb5 Rxe4 47.
fxe4 g4 48. d6+ Kd7 49. Kb6 g3 50. Kxb7 g2 51. c6+ Kxd6 52. c7 1/2-1/2

[Event "XXV Festival Conca della Presolana A"]
[Site "Bratto - Castione della Presolana ITA"]
[Date "2005.08.21"]
[Round "2"]
[White "Vinzoni, Andrea"]
[Black "Marzano, Carlo"]
[Result "1/2-1/2"]
[WhiteElo "2108"]
[BlackElo "2201"]
[PlyCount "44"]
[EventDate "2005.08.20"]

1. d4 Nc6 2. c4 e5 3. d5 Nce7 4. e4 Ng6 5. Nf3 Nf6 6. Nc3 Bc5 7. Bg5 h6 8. Bxf6
Qxf6 9. g3 O-O 10. Bg2 d6 11. O-O a6 12. a3 Ne7 13. h3 g6 14. b4 Ba7 15. Rc1
Bd7 16. a4 Qg7 17. Qb3 Rab8 18. Nd2 Kh8 19. Ne2 f5 20. c5 Rfc8 21. Kh2 h5 22.
f4 g5 1/2-1/2

[Event "XXV Festival Conca della Presolana A"]
[Site "Bratto - Castione della Presolana ITA"]
[Date "2005.08.21"]
[Round "2"]
[White "Xia, Jie"]
[Black "Sax, Gyula"]
[Result "0-1"]
[WhiteElo "2121"]
[BlackElo "2568"]
[PlyCount "56"]
[EventDate "2005.08.20"]

1. e4 c5 2. Nf3 e6 3. d4 cxd4 4. Nxd4 a6 5. Nc3 Qc7 6. Bd3 Nc6 7. Nxc6 bxc6 8.
Qe2 Bd6 9. Qg4 g6 10. f4 Be7 11. O-O f5 12. exf5 exf5 13. Qe2 Nf6 14. Be3 O-O
15. Bd4 d5 16. Na4 c5 17. Be5 Qc6 18. b3 c4 19. bxc4 Qxa4 20. cxd5 Bc5+ 21. Kh1
Bd7 22. c4 Rae8 23. Qb2 Ne4 24. Rae1 Qb4 25. Qc2 Nf2+ 26. Rxf2 Qxe1+ 27. Rf1
Rxe5 28. fxe5 Qxe5 0-1

[Event "XXV Festival Conca della Presolana A"]
[Site "Bratto - Castione della Presolana ITA"]
[Date "2005.08.21"]
[Round "2"]
[White "Zanellato, Lorenzo"]
[Black "Gosio, Denis"]
[Result "1-0"]
[WhiteElo "2087"]
[BlackElo "2152"]
[PlyCount "93"]
[EventDate "2005.08.20"]

1. d4 Nf6 2. c4 e6 3. Nc3 Bb4 4. Qc2 O-O 5. a3 Bxc3+ 6. Qxc3 b6 7. Bg5 Bb7 8.
e3 h6 9. Bh4 d6 10. Ne2 Nbd7 11. Qd3 c5 12. Nc3 d5 13. cxd5 exd5 14. Be2 Qe7
15. O-O Qe6 16. b4 c4 17. Qc2 a6 18. Rac1 Rfe8 19. h3 Rac8 20. Bg3 Kh8 21. a4
Rg8 22. Rfe1 g5 23. Qd1 g4 24. hxg4 Nxg4 25. Bxg4 Rxg4 26. e4 dxe4 27. d5 Qf5
28. Qd4+ f6 29. Rxe4 Rxe4 30. Qxe4 Qxe4 31. Nxe4 Bxd5 32. Nd6 Rc6 33. b5 axb5
34. axb5 Rc5 35. Bf4 Kh7 36. Be3 Rc7 37. Rd1 Be6 38. Ne8 Ra7 39. Rd6 Bf5 40.
Nxf6+ Nxf6 41. Rxf6 Bg6 42. Rxb6 c3 43. Rc6 Ra1+ 44. Kh2 c2 45. b6 Rb1 46. Rc7+
Kg8 47. b7 1-0

[Event "XXV Festival Conca della Presolana A"]
[Site "Bratto - Castione della Presolana ITA"]
[Date "2005.08.22"]
[Round "3"]
[White "Aglietti, Graziano"]
[Black "Campini, Marco"]
[Result "1/2-1/2"]
[WhiteElo "2048"]
[BlackElo "2130"]
[PlyCount "101"]
[EventDate "2005.08.20"]

1. e4 c5 2. c3 d5 3. exd5 Qxd5 4. d4 e6 5. Nf3 Nc6 6. Be2 Nf6 7. O-O cxd4 8.
cxd4 Be7 9. Nc3 Qd8 10. Bf4 O-O 11. Rc1 Nd5 12. Be5 a6 13. Bd3 Re8 14. Ne4 g6
15. a3 f6 16. Bg3 Qb6 17. Qe2 Nxd4 18. Nxd4 Qxd4 19. Rfd1 f5 20. Bb5 Qxe4 21.
Qxe4 fxe4 22. Bxe8 Bf6 23. Rc2 Kf8 24. Rdc1 Kxe8 25. Rxc8+ Rxc8 26. Rxc8+ Kd7
27. Rc2 g5 28. Kf1 h5 29. h3 e3 30. Ke2 exf2 31. Bxf2 Kd6 32. Bg3+ e5 33. Kf3
Ke6 34. Ke4 Bg7 35. b3 Nf6+ 36. Ke3 Nd5+ 37. Kf3 g4+ 38. hxg4 hxg4+ 39. Ke2 Bf8
40. b4 Bd6 41. Rc4 Kf5 42. Rc8 Nf6 43. Rd8 Bc7 44. Rf8 Ke6 45. Rc8 Bd6 46. Bh4
Nd5 47. Rg8 a5 48. Rxg4 axb4 49. axb4 Bxb4 50. Rg7 b6 51. Be1 1/2-1/2

[Event "XXV Festival Conca della Presolana A"]
[Site "Bratto - Castione della Presolana ITA"]
[Date "2005.08.22"]
[Round "3"]
[White "Agnelli, Francesco"]
[Black "Rosin, Federico"]
[Result "1/2-1/2"]
[WhiteElo "2055"]
[BlackElo "2127"]
[PlyCount "50"]
[EventDate "2005.08.20"]

1. e4 c5 2. Nf3 Nc6 3. d4 cxd4 4. Nxd4 Nf6 5. Nc3 e5 6. Ndb5 d6 7. Bg5 a6 8.
Na3 b5 9. Bxf6 gxf6 10. Nd5 Bg7 11. c3 f5 12. exf5 Bxf5 13. Nc2 O-O 14. Nce3
Be6 15. Qh5 f5 16. Bd3 e4 17. Bc2 Ne7 18. Nf4 Bf7 19. Qh3 Be5 20. Qh6 Ng6 21.
Nxg6 hxg6 22. Bb3 Qf6 23. Nd5 Qd8 24. h4 Bg7 25. Qg5 Re8 1/2-1/2